• 首页
  • 本馆介绍
  • 公告通知
  • 最新文献
  • 馆藏检索
  • 电子资源
  • 读者导购
  • 参考咨询
  • 我的图书馆
  • 登录
  • 详细信息显示
  • 放入我的书架
  • 预约/预借图书
  • 作者相关作品
  • 分类相关作品
  • 丛书相关作品
  • 出版社相关作品

书目信息

  • 表格格式
  • 工作单格式
  • 卡片格式
题名:
教育信息处理
    
 
作者: 傅德荣 , 章慧敏 编著
分册:  
出版信息: 北京   北京师范大学出版社  2017
页数: 325页
开本: 23cm
丛书名: 面向21世纪课程教材
单 册:
中图分类: G40-057
科图分类:
主题词: 教育技术学--jiao yu ji zhu xue--高等学校--教材
电子资源:
ISBN: 978-7-303-05731-3
000 01025nam 2200289 45
001 012001004893
005 20121205143948.0
010    @a978-7-303-05731-3@dCNY33.00
099    @aCAL 012002152963
100    @a20020628d2001 em y0chiy0110 ea
101 0  @achi
102    @aCN@b110000
105    @aak a 000yy
106    @ar
200 1  @a教育信息处理@Ajiao yu xin xi chu li@f傅德荣, 章慧敏编著
210    @a北京@c北京师范大学出版社@d2017
215    @a325页@c图@d23cm
225 2  @a面向21世纪课程教材@Amian xiang 21 shi ji ke cheng jiao cai@d= Textbook series for 21st century
320    @a有书目 (第225页)
410  0 @12001@a面向21世纪课程教材
461  0 @12001 @a面向21世纪课程教材
606 0  @a教育技术学@Ajiao yu ji zhu xue@x高等学校@j教材
690    @aG40-057@v4
701  0 @a傅德荣@AFu Derong@4编著@3CAL n2004022929#@7jt0yjt0y@7ec0yec0y
701  0 @a章慧敏@AZhang Huimin@c(教育)@4编著@3CAL n2004202104#@7jt0yjt0y@7ec0yec0y
801  2 @aCN@b江苏凤凰@c20191020
905    @b1224196-9@dG40-057@e1075@f4
    
    教育信息处理/傅德荣, 章慧敏编著.-北京:北京师范大学出版社,2017
    325页:图;23cm.-(面向21世纪课程教材= Textbook series for 21st century)
    
    
    ISBN 978-7-303-05731-3:CNY33.00
    
●
相关链接 在E读中查询图书 在五车中查询图书 在当当中查询图书 在豆瓣中查询图书


正题名:教育信息处理     索取号:G40-057/1075         预约/预借

序号 登录号 条形码 馆藏地/架位号 状态 备注
1 1224196   212241965   第一样本阅览室/ [索取号:G40-057/1075] 在馆    
2 1224197   212241974   教育系资料室/ [索取号:G40-057/1075] 在馆    
3 1224198   212241983   教育系资料室/ [索取号:G40-057/1075] 在馆    
4 1224199   212241992   第四借阅区/ [索取号:G40-057/1075] 在馆    
唐山师范学院图书馆 欢迎您!
大连网信软件有限公司© 版权所有